| 000 | 00000nas##2200000za#4500 |
|---|---|
| 001 | 9.513092 |
| 003 | CaOODSP |
| 005 | 20210420090205 |
| 007 | ta |
| 008 | 150406c1999||||xxc|| m #||||f| |0fre|d |
| 040 | |aCaOODSP|bfre |
| 043 | |an-cn--- |
| 086 | 1 |aH42-2/67F |
| 110 | 1 |aCanada. |bDirection générale des produits de santé et des aliments. |
| 245 | 10|aDirectives de la Programme des produits thérapeutiques : |bLigne directrice à l'intention de l'industrie / |cPublié par la Programme des produits thérapeutiques. |
| 260 | |aOttawa - Ontario : |bSanté Canada. |
| 563 | |aCouverture souple |